TOP 10 Countries in: Beer Production - Statistics

General Stats
  • This quiz has been taken 267 times
  • The average score is 8 of 10
Answer Stats
Beer Production Country % Correct
22.43 million kiloliters United States
100%
9.4365 million kiloliters Germany
96%
46.5438 million kiloliters China
94%
4.1956 million kiloliters United KIngdom
93%
8.912 million kiloliters Russia
89%
8.25 million kiloliters Mexico
85%
5.5321 million kiloliters Japan
80%
13.46 million kiloliters Brazil
78%
3.27 million kiloliters Spain
67%
3.956 million kiloliters Poland
62%
No matching quizzes found
Score Distribution
Percent of People with Each Score
Percentile by Number Answered
Your Score History
You have not taken this quiz